00282 2200133 4500001002100000005001500021035002000036245003000056300000800086260002200094082000800116084001200124990001200136INLIS00000000000220320250527013228 a0010-0525000495 aSains Kosmis /cJim Wiese a120 bPakar Raya,c1997 a500 a500 SAI a0713255